| 000 | 00000cas 2200000zi 4500 |
| 001 | 9.892521 |
| 003 | CaOODSP |
| 005 | 20260610170536 |
| 006 | m o d f |
| 007 | cr cn |||||||| |
| 008 | 201016c20209999oncar p o f0###b0fre|d |
| 022 | |a3111-2161 |
| 040 | |aCaOODSP|bfre|erda|cCaOODSP |
| 043 | |an-cn--- |
| 086 | 1 |aD1-27F-PDF |
| 222 | 0|aRapport annuel |b(Mobilisation des idées nouvelles en matière de défense et de sécurité (Canada)) |
| 245 | 00|aRapport annuel / |cMobilisation des idées nouvelles en matière de défense et de sécurité (MINDS). |
| 246 | 3 |aMobilisation des idées nouvelles en matière de défense et de sécurité, rapport annuel |
| 264 | 1|a[Ottawa] : |bDéfense nationale = National Defence, |c[2020]- |
| 310 | |aAnnuel |
| 336 | |atexte|btxt|2rdacontent/fre |
| 337 | |ainformatique|bc|2rdamedia/fre |
| 338 | |aressource en ligne|bcr|2rdacarrier/fre |
| 362 | 1 |aParaît depuis : 2019/2020. |
| 500 | |aPublié aussi en anglais sous le titre : Annual report. |
| 588 | |aDescription d'après : 2019/2020; titre de la page couverture du fichier PDF. |
| 588 | |aDernière livraison consultée : 2023/2024. |
| 650 | 6|aRelations pouvoir civil-pouvoir militaire|zCanada|vPériodiques. |
| 650 | 6|aSécurité nationale|zCanada|vPériodiques. |
| 651 | 6|aCanada|xPolitique militaire|xPrise de décision|vPériodiques. |
| 655 | 7|aPériodiques|2rvmgf |
| 710 | 1 |aCanada. |bMinistère de la défense nationale, |eorganisme de publication. |
| 775 | 08|tAnnual report / |w(CaOODSP)9.892519 |